Докладная записка секретаря Смоленского обкома ВКП(б) Д. М. Попова Г. М. Маленкову о мероприятиях по улучшению материального пол...

RUSMARC
00004750cbm0a2200313#x 450
00112ee4bfe-7f7e-4638-97cc-7d712f99faef
00520250506150840.0
100##$a20250506j19450505k###0rusy50 ca
1010#$arus
102##$aRU
105##$ay###z########
1220#$ad19450505##
2001#$aДокладная записка секретаря Смоленского обкома ВКП(б) Д. М. Попова Г. М. Маленкову о мероприятиях по улучшению материального положения детей-сирот в области
$j5 мая 1945 г.
251##$cДокумент
300##$aПодлинник
461#0$12001
$aФ. 17
$1251
$cФонд
$1852
$j17
462#0$12001
$aОп. 122
$1251
$cОпись
$1852
$j122
462#0$12001
$aД. 103
$vЛ. 64-65
$1251
$cДело
$1852
$j103
605##$2prlib_sh
$3LIBNET\UAF\0000088514
$aВторая мировая война в архивных документах (Комплекс оцифрованных архивных документов, кино- и фотоматериалов)
$lколлекция
605##$2acquisition_Prlib
$3DITM\AF\0000002775
$aВласть
$lколлекция
605##$2acquisition_Prlib
$3DITM\AF\0000003834
$aНарод
$lколлекция
6061#$2prlib_sh
$3LIBNET\UAF\0000116936
$aСироты
$xСоциальная защита
$yСмоленская область
$z1940-ые - 1950-ые гг.
$jДокументы и материалы
686##$a63.3(2)622-3ю1
$vLBC/M
$2rubbk
686##$a60.99(2)ю1
$vLBC/M
$2rubbk
801#0$aRU
$bПБ им. Б.Н. Ельцина
$c20250506
801#1$aRU
$bПБ им. Б.Н. Ельцина
$c20250506
$2rusmarc
801#2$aRU
$bПБ им. Б.Н. Ельцина
$c20250506
$2rusmarc
850##$aРоссийский государственный архив социально-политической истории
852##$aРГАСПИ
$jЛ. 64-65
035##$aLIBNET\0001471923
937##$d196714066
$hФедеральное архивное агентство
8564#$uhttp://readingroom.main.prlib.ru/item.aspx?id_node=n196714066&mode=full
Формат отображения